Las Bases económicas del desarrollo industrial y la absorción de fuerza de trabajo en El Salvador -Versión preliminar-

Bewaard in:
Bibliografische gegevens
Hoofdauteur: Molina, Hugo
Formaat: Texto
Gepubliceerd in: s.l.e. :
Tags: Voeg label toe
Geen labels, Wees de eerste die dit record labelt!

MARC

LEADER 00000 a a2200000 04500
001 16835
003
040
090 |a 002800  
100 |a Molina, Hugo  
245 |a Las Bases económicas del desarrollo industrial y la absorción de fuerza de trabajo en El Salvador -Versión preliminar-  
260 |a s.l.e. :  
300 |a 6, 85 p.  
999 |c 12031  |d 12031